Empowerment : (Record no. 85958)
[ view plain ]
| 000 -LEADER | |
|---|---|
| fixed length control field | 01009nam a2200313 i 4500 |
| 001 - CONTROL NUMBER | |
| control field | C2-0279271 |
| 003 - CONTROL NUMBER IDENTIFIER | |
| control field | PPAK |
| 005 - DATE AND TIME OF LATEST TRANSACTION | |
| control field | 20240619104305.0 |
| 008 - FIXED-LENGTH DATA ELEMENTS--GENERAL INFORMATION | |
| fixed length control field | 070424s2004 my a e | 1 eng d |
| 020 ## - INTERNATIONAL STANDARD BOOK NUMBER | |
| International Standard Book Number | 9676906603 |
| Qualifying information | paperback |
| 040 ## - CATALOGING SOURCE | |
| Original cataloging agency | PPAK |
| Language of cataloging | eng |
| Transcribing agency | PPAK |
| Description conventions | rda |
| 082 04 - DEWEY DECIMAL CLASSIFICATION NUMBER | |
| Edition number | 23 |
| Classification number | 303.3409595 |
| 090 00 - LOCALLY ASSIGNED LC-TYPE CALL NUMBER (OCLC); LOCAL CALL NUMBER (RLIN) | |
| Classification number (OCLC) (R) ; Classification number, CALL (RLIN) (NR) | 303.3409595 |
| Feature heading | ISM |
| Feature heading | G |
| Classification number (OCLC) (R) ; Classification number, CALL (RLIN) (NR) | 303.3409595 |
| Feature heading | ISM |
| Feature heading | KK |
| Classification number (OCLC) (R) ; Classification number, CALL (RLIN) (NR) | 303.3409595 |
| Feature heading | ISM |
| Feature heading | KZR |
| 100 0# - MAIN ENTRY--PERSONAL NAME | |
| Personal name | Ismail Noor, |
| Relator term | author. |
| 245 10 - TITLE STATEMENT | |
| Title | Empowerment : |
| Remainder of title | The Role of the Citizens / |
| Statement of responsibility, etc. | authored by ISMAIL NOOR, edited by ELINA NOOR |
| 264 #1 - PRODUCTION, PUBLICATION, DISTRIBUTION, MANUFACTURE, AND COPYRIGHT NOTICE | |
| Place of production, publication, distribution, manufacture | Batu Caves, Selangor : |
| Name of producer, publisher, distributor, manufacturer | Thinker's Library, |
| Date of production, publication, distribution, manufacture, or copyright notice | 2004 |
| 300 ## - PHYSICAL DESCRIPTION | |
| Extent | ix, 150 pages : |
| Other physical details | illustrations ; |
| Dimensions | 25 cm |
| 336 ## - CONTENT TYPE | |
| Source | rdacontent |
| Content type term | text |
| 337 ## - MEDIA TYPE | |
| Source | rdamedia |
| Media type term | unmediated |
| 338 ## - CARRIER TYPE | |
| Source | rdacarrier |
| Carrier type term | volume |
| 500 ## - GENERAL NOTE | |
| General note | Includes index |
| 504 ## - BIBLIOGRAPHY, ETC. NOTE | |
| Bibliography, etc. note | Bibliography: 139-140 |
| 650 10 - SUBJECT ADDED ENTRY--TOPICAL TERM | |
| Topical term or geographic name entry element | Leadership |
| Geographic subdivision | Malaysia |
| 651 #0 - SUBJECT ADDED ENTRY--GEOGRAPHIC NAME | |
| Geographic name | Malaysia |
| Form subdivision | Politics and government |
| 700 0# - ADDED ENTRY--PERSONAL NAME | |
| Personal name | Elina Noor, |
| Relator term | editor. |
| 942 ## - ADDED ENTRY ELEMENTS (KOHA) | |
| Koha item type | Book |
| Source of classification or shelving scheme | Dewey Decimal Classification |
| Withdrawn | Not for loan | Current library | Shelving location | Date acquired | Full call number | Barcode | Date last seen | Koha item type | Total Checkouts |
|---|---|---|---|---|---|---|---|---|---|
| Not For Loan | Perpustakaan Alor Setar | Koleksi Kedah | 05/06/2013 | KK 303.3409595 ISM | A00365887 | 09/05/2018 | Book | ||
| Perpustakaan Alor Setar | Pinjaman Dewasa | 05/07/2007 | 303.3409595 ISM | A01178526 | 09/05/2018 | Book | |||
| Not For Loan | Perpustakaan Alor Setar | Koleksi Zahidi Zainol Rashid | 14/08/2024 | KZR 303.3409595 ISM | A00367497 | 14/08/2024 | Book | ||
| Perpustakaan Awam Sungai Petani | Pinjaman Dewasa | 05/07/2007 | 303.3409595 ISM | A01178527 | 09/05/2018 | Book | |||
| Perpustakaan Baling | Pinjaman Dewasa | 05/07/2007 | 303.3409595 ISM | A01178533 | 09/05/2018 | Book | |||
| Perpustakaan Bandar Baharu | Pinjaman Dewasa | 05/07/2007 | 303.3409595 ISM | A01178534 | 09/05/2018 | Book | |||
| Perpustakaan Kulim | Pinjaman Dewasa | 05/07/2007 | 303.3409595 ISM | A01178530 | 09/05/2018 | Book | |||
| Perpustakaan Langkawi | Pinjaman Dewasa | 05/07/2007 | 303.3409595 ISM | A01178529 | 09/05/2018 | Book | |||
| Perpustakaan Yan | Pinjaman Dewasa | 05/07/2007 | 303.3409595 ISM | A01178531 | 09/05/2018 | Book |